Bergson y el Padre Pouget / (Record no. 51456)

MARC details
000 -LEADER
campo de control de longitud fija 00837nam a2200241 i 4500
001 - NÚMERO DE CONTROL
campo de control 51456
003 - IDENTIFICADOR DE NÚMERO DE CONTROL
campo de control ES-MaACL
005 - FECHA Y HORA DE LA ÚLTIMA TRANSACCIÓN
campo de control 20250714101653.0
007 - CAMPO FIJO DE DESCRIPCIÓN FÍSICA--INFORMACIÓN GENERAL
campo de control de longitud fija t|
008 - DATOS DE LONGITUD FIJA--INFORMACIÓN GENERAL
campo de control de longitud fija 030813s1960 sp ||||1| spa d
100 1# - ENTRADA PRINCIPAL--NOMBRE DE PERSONA
Nombre de persona Chevalier, Jacques (
Fechas asociadas al nombre 1882-1962)
9 (RLIN) 38413
245 10 - MENCIÓN DEL TÍTULO
Título Bergson y el Padre Pouget /
Mención de responsabilidad, etc. Jacques Chevalier ; nota preliminar y traducción del francés por José Antonio Míguez ; [prólogo de François Mauriac].
260 ## - PUBLICACIÓN, DISTRIBUCIÓN, ETC.
Lugar de publicación, distribución, etc. Madrid :
Nombre del editor, distribuidor, etc. Aguilar,
Fecha de publicación, distribución, etc. 1960.
300 ## - DESCRIPCIÓN FÍSICA
Extensión 87 p. ;
Dimensiones 21 cm.
490 1# - MENCIÓN DE SERIE
Mención de serie Colección literaria
600 14 - PUNTO DE ACCESO ADICIONAL DE MATERIA--NOMBRE DE PERSONA
Nombre de persona Bergson, Henri.
9 (RLIN) 28013
600 14 - PUNTO DE ACCESO ADICIONAL DE MATERIA--NOMBRE DE PERSONA
Nombre de persona Pouget, Guillaume (
Fechas asociadas al nombre 1847-1933)
9 (RLIN) 157379
700 1# - ENTRADA AGREGADA--NOMBRE PERSONAL
Nombre de persona Míguez, José Antonio.
9 (RLIN) 81053
700 1# - ENTRADA AGREGADA--NOMBRE PERSONAL
Nombre de persona Mauriac, François,
Fechas asociadas al nombre 1885-1970
9 (RLIN) 79251
830 1# - PUNTO DE ACCESO ADICIONAL DE SERIE-TÍTULO UNIFORME
Título uniforme Colección literaria
9 (RLIN) 179831
852 ## - LOCALIZACIÓN
Ubicación ES-MaACL
Número de control de estantería C-17554
Holdings
Estatus retirado Estado de pérdida Estado de daño No para préstamo Biblioteca de origen Biblioteca actual Ubicación en estantería Fecha de adquisición Fuente de adquisición Total de préstamos Signatura topográfica completa Código de barras Visto por última vez Precio de reemplazo Tipo de ítem Koha
        Biblioteca del Ateneo de Madrid Biblioteca del Ateneo de Madrid Galería 17/01/2008     C-17554 1054115 23/02/2023 23/02/2023 Libro impreso